Almaty — Choix Multiples - Statistiques

Statistiques générales
  • Ce quiz a été pris 23 fois
  • Le résultat moyen est 5 sur 10
Statistiques - réponses
Question Réponse % Correct
La ville est située au Kazakhstan, mais le kazakh n'y est pas majoritairement parlé. Quelle langue est majoritaire ? Russe
89%
C'est dans cette ville que l'ancêtre de ce fruit a été cultivé pour la première fois. Pomme
78%
À quoi servait la forteresse militaire de Verny durant l'Empire russe au XIXe siècle ? Protèger la frontière sud de l'Empire
61%
En quelle année Almaty a cessé d'être la capitale du Kazakhstan ? 1997
56%
Ancien nom sous l'Union Soviétique. Alma-Ata
50%
Comment s'écrit Almaty en cyrillique ? Алматы
44%
La ville se situe à moins de 50 km au nord de la frontière de ce pays Kirghizistan
44%
Quelle ville bretonne est jumelée avec Almaty ? Rennes
44%
Quelle est l'héraldique de la ville d'Almaty ?
33%
Chaîne de montagnes où se situe la ville. Tian Shan
28%
Aucun quiz correspondant
Distribution des résultats
% des personnes avec chaque résultat
Percentile par nombre de réponses
Votre historique - résultats
Vous n’avez pas pris ce quiz